Visualizzazione normale
Vista MARC
- Alford K.J.
di Personal Name
Records bibliografici associati: 1
001 - CONTROL NUMBER
- control field: 6509
003 - CONTROL NUMBER IDENTIFIER
- control field: IT-RoPau
005 - DATE AND TIME OF LATEST TRANSACTION
- control field: 20131220115758.0
008 - FIXED-LENGTH DATA ELEMENTS
- fixed length control field: 131220|| aca||aabn | a|a d
040 ## - CATALOGING SOURCE
- Original cataloging agency: IT-RoPau
- Transcribing agency: IT-RoPau
100 ## - HEADING--PERSONAL NAME
- Personal name: Alford K.J.
- Dates associated with a name: Codice autore musica SPICS: 13944
- Relator term: Autore musica
- Name of part/section of a work: Colonel Bogey From the Film the Bridge On the River Kwai
670 ## - SOURCE DATA FOUND
- Source citation: Work cat.: (IT-RoPau)99961: AA.VV. 794, Film Themes vol. 12 (Lp Vpas 927)